Plan de mercadeo para el área de ventas de BINISA en Managua
Presenta un plan de mercadeo para la empresa de servicios y suministros informáticos Bruno Internacional S.A. mejor conocido como BINISA ubicada en Managua. Describe un análisis interno y externo de la situación actual de BINISA con el objetivo de identificar los aspectos o factores influyentes e...
| Main Authors: | , , |
|---|---|
| Other Authors: | |
| Format: | Tesis Section = Libro |
| Language: | Undetermined Spanish |
| Published: |
Managua
UNI
2007
|
| Subjects: |
| LEADER | 01309nam a2200277Ia 4500 | ||
|---|---|---|---|
| 008 | 240830s9999 xx 000 0 und d | ||
| 040 | |a BIBLIOTECA-RUPAP T.Mon 658.8 L864 | ||
| 041 | |a spa | ||
| 082 | |a T.Mon 658.8 L864 | ||
| 100 | 1 | |a López Vargas, Tatiana Valeska | |
| 100 | 1 | |b Talavera Gradys, Arlen Tatiana | |
| 100 | 1 | |c Corrales Herrera, Ariel Enrique | |
| 245 | 1 | 0 | |a Plan de mercadeo para el área de ventas de BINISA en Managua |
| 260 | |a Managua |b UNI |c 2007 | ||
| 300 | |a 90 p. :il. | ||
| 502 | |a Tesis (Ingeniero de Sistemas)- UNI, 2007. | ||
| 520 | 3 | |a Presenta un plan de mercadeo para la empresa de servicios y suministros informáticos Bruno Internacional S.A. mejor conocido como BINISA ubicada en Managua. Describe un análisis interno y externo de la situación actual de BINISA con el objetivo de identificar los aspectos o factores influyentes en el desarrollo de los procesos que se implementan en el área de ventas. | |
| 650 | 7 | |a ADMINISTRACION DE LA DISTRIBUCIÓN (MERCADEO) BINISA | |
| 650 | 7 | |b PLAN DE MERCADEO | |
| 650 | 7 | |c ANALISIS DE VENTAS | |
| 650 | 7 | |d ANALISIS DE FODA - BINISA - ESTRATEGIA DE COMERCIALIZACION - BINISA | |
| 650 | 7 | |e PUBLICIDAD Y PROMOCION - BINISA | |
| 700 | 1 | |a Tutor: |b Gómez Jaime, Dora Isabel | |
| 942 | |c BK |2 ddc | ||
| 991 | |a TESIS | ||
| 999 | |c 18715 | ||